Health promotion for nurses : (Record no. 22929)
[ view plain ]
| 000 -LEADER | |
|---|---|
| fixed length control field | 01569cam a22003135a 4500 |
| 001 - CONTROL NUMBER | |
| control field | 10057868 |
| 005 - DATE AND TIME OF LATEST TRANSACTION | |
| control field | 20201128023947.0 |
| 008 - FIXED-LENGTH DATA ELEMENTS--GENERAL INFORMATION | |
| fixed length control field | 120328t2014 maua frbd 001 0 eng d |
| 020 ## - INTERNATIONAL STANDARD BOOK NUMBER | |
| International Standard Book Number | 9781449686673 |
| 040 ## - CATALOGING SOURCE | |
| Original cataloging agency | DNLM/DLC |
| Language of cataloging | eng |
| Transcribing agency | N15 |
| Modifying agency | EG-ScBUE |
| 082 04 - DEWEY DECIMAL CLASSIFICATION NUMBER | |
| Edition number | 22 |
| Classification number | 610.73 |
| Item number | CLA |
| 100 1# - MAIN ENTRY--PERSONAL NAME | |
| Personal name | Clark, Carolyn Chambers. |
| 9 (RLIN) | 41645 |
| 245 10 - TITLE STATEMENT | |
| Title | Health promotion for nurses : |
| Remainder of title | a practical guide / |
| Statement of responsibility, etc | Carolyn Chambers Clark, Karen K. Paraska. |
| 260 ## - PUBLICATION, DISTRIBUTION, ETC. (IMPRINT) | |
| Place of publication, distribution, etc | Burlington : |
| Name of publisher, distributor, etc | Jones & Bartlett Learning, LLC, |
| Date of publication, distribution, etc | c.2014. |
| 300 ## - PHYSICAL DESCRIPTION | |
| Extent | xxi, 719 p. : |
| Other physical details | ill. ; |
| Dimensions | 23 cm. |
| 500 ## - GENERAL NOTE | |
| General note | Glossary : p. 683-695. |
| 500 ## - GENERAL NOTE | |
| General note | Index : p. 699-717. |
| 500 ## - GENERAL NOTE | |
| General note | Includes online access code. |
| 504 ## - BIBLIOGRAPHY, ETC. NOTE | |
| Bibliography, etc | Bibliography : p. 697. |
| 505 0# - FORMATTED CONTENTS NOTE | |
| Formatted contents note | Health and health promotion -- Concepts, models, and theories -- The nurse's role in health promotion -- Promoting physical health -- Mental health promotion -- Family health promotion -- Health policy and health promotion -- Evidence-based health promotion -- Self-management and health promotion -- Health promotion programs : developing, facilitating, measuring, and evaluating -- Prevention and self-management of chronic conditions : using the evidence -- Index of evidence-based self-management interventions for chronic conditions. |
| 650 #7 - SUBJECT ADDED ENTRY--TOPICAL TERM | |
| Topical term or geographic name as entry element | Health promotion. |
| Source of heading or term | BUEsh |
| 9 (RLIN) | 32506 |
| 650 #7 - SUBJECT ADDED ENTRY--TOPICAL TERM | |
| Topical term or geographic name as entry element | Health education. |
| Source of heading or term | BUEsh |
| 9 (RLIN) | 12967 |
| 650 #7 - SUBJECT ADDED ENTRY--TOPICAL TERM | |
| Topical term or geographic name as entry element | Nursing. |
| Source of heading or term | BUEsh |
| 9 (RLIN) | 2162 |
| 651 ## - SUBJECT ADDED ENTRY--GEOGRAPHIC NAME | |
| Source of heading or term | BUEsh |
| 653 ## - INDEX TERM--UNCONTROLLED | |
| Resource For college | Nursing |
| Arrived date list | October2016 |
| -- | October2017 |
| 655 ## - INDEX TERM--GENRE/FORM | |
| Form subdivision | Text book |
| -- | 33728 |
| 700 1# - ADDED ENTRY--PERSONAL NAME | |
| Personal name | Paraska, Karen. |
| 9 (RLIN) | 41644 |
| 942 ## - ADDED ENTRY ELEMENTS (KOHA) | |
| Source of classification or shelving scheme | Dewey Decimal Classification |
| Edition | 22 |
| Call number prefix | 610.73 CLA |
| Withdrawn status | Item status | Source of classification or shelving scheme | Damaged status | Not for loan | Vendor | Home library | Current library | Shelving location | Date acquired | Source of acquisition | Cost, normal purchase price | Serial Enumeration / chronology | Total Checkouts | Full call number | Barcode | Date last seen | Cost, replacement price | Koha item type |
|---|---|---|---|---|---|---|---|---|---|---|---|---|---|---|---|---|---|---|
| Dewey Decimal Classification | Baccah | Central Library | Central Library | First floor | 31/10/2016 | Purchase | 638.00 | 3632 | 610.73 CLA | 000034232 | 15/07/2025 | 797.50 | Book - Borrowing | |||||
| Dewey Decimal Classification | Baccah | Central Library | Central Library | First floor | 16/10/2017 | Purchase | 990.00 | 610.73 CLA | 000042148 | 15/07/2025 | Book - Borrowing | |||||||
| Dewey Decimal Classification | Baccah | Central Library | Central Library | First floor | 16/10/2017 | Purchase | 990.00 | 610.73 CLA | 000042149 | 15/07/2025 | Book - Borrowing | |||||||
| Dewey Decimal Classification | Baccah | Central Library | Central Library | First floor | 16/10/2017 | Purchase | 990.00 | 610.73 CLA | 000042150 | 15/07/2025 | NB - Book (Non borrowing) | |||||||
| Dewey Decimal Classification | Baccah | Central Library | Central Library | First floor | 16/10/2017 | Purchase | 990.00 | 610.73 CLA | 000042151 | 15/07/2025 | NB - Book (Non borrowing) |